KIEP List of Publications 1990 - 2004.7 (Record no. 6149)

MARC details
000 -LEADER
fixed length control field 00426nas a22001817i 4500
001 - CONTROL NUMBER
control field 6587
003 - CONTROL NUMBER IDENTIFIER
control field OSt
005 - DATE AND TIME OF LATEST TRANSACTION
control field 20170216211009.0
007 - PHYSICAL DESCRIPTION FIXED FIELD--GENERAL INFORMATION
fixed length control field tu
008 - FIXED-LENGTH DATA ELEMENTS--GENERAL INFORMATION
fixed length control field 161220s xxu||||| |||| 00| 0 d
024 7# - OTHER STANDARD IDENTIFIER
Standard number or code 6587
Source of number or code RID
024 7# - OTHER STANDARD IDENTIFIER
Standard number or code 6587
Source of number or code RSN (alt)
040 ## - CATALOGING SOURCE
Transcribing agency OSt
110 2# - MAIN ENTRY--CORPORATE NAME
Corporate name or jurisdiction name as entry element Korea Institute For International Economic Policy
245 00 - TITLE STATEMENT
Title KIEP List of Publications 1990 - 2004.7
260 ## - PUBLICATION, DISTRIBUTION, ETC.
Place of publication, distribution, etc. Seoul :
Name of publisher, distributor, etc. KIEP.
866 #0 - TEXTUAL HOLDINGS--BASIC BIBLIOGRAPHIC UNIT
-- 2004
942 ## - ADDED ENTRY ELEMENTS (KOHA)
Koha item type Paper
Holdings
Withdrawn status Lost status Damaged status Not for loan Home library Current library Shelving location Date acquired Inventory number Total Checkouts Barcode Date last seen Price effective from Koha item type
        WIIW WIIW Library 09/06/2004 6587   10002095 01/26/2017 01/26/2017 Paper
The Vienna Instiute for International Economic Studies (wiiw)